[Event "PHI-ch"]
[Site "Mactan City"]
[Date "2021.12.12"]
[Round "6"]
[White "Antonio, Rogelio Jr"]
[Black "Laylo, Darwin"]
[Result "1/2-1/2"]
[WhiteElo "2421"]
[BlackElo "2434"]
[PlyCount "62"]
[EventDate "2021.12.09"]
[EventType "tourn"]
[EventRounds "11"]
[EventCountry "PHI"]
[EventCategory "3"]
[SourceTitle "CBM 205 Extra"]
[Source "ChessBase"]
[SourceDate "2022.01.31"]
[SourceVersion "1"]
[SourceVersionDate "2022.01.31"]
[SourceQuality "1"]

1. e4 e5 2. Nf3 Nf6 3. Nxe5 d6 4. Nd3 Nxe4 5. Qe2 Qe7 6. Nf4 Nf6 7. d4 Qxe2+ 8. Bxe2 Be7 9. 0-0 0-0 10. Re1 Re8 11. Bf1 Nc6 12. c3 Bd7 13. h3 a6 14. Nd2 h6 15. Nf3 Bf8 16. Bd2 Rxe1 17. Rxe1 Re8 18. Rxe8 Bxe8 19. Bd3 Ne7 20. Ne1 Ned5 21. Nxd5 Nxd5 22. Nc2 Bc6 23. Ne3 Nxe3 24. Bxe3 Bd5 25. c4 Be6 26. b3 Be7 27. Kf1 d5 28. Ke2 c6 29. c5 h5 30. f4 f5 31. Kf3 Kf7 1/2-1/2

[Event "PHI-ch"]
[Site "Mactan City"]
[Date "2021.12.10"]
[Round "2"]
[White "Antonio, Rogelio Jr"]
[Black "Garcia, Jan Emmanuel"]
[Result "1-0"]
[WhiteElo "2421"]
[BlackElo "2411"]
[PlyCount "85"]
[EventDate "2021.12.09"]
[EventType "tourn"]
[EventRounds "11"]
[EventCountry "PHI"]
[EventCategory "3"]
[SourceTitle "CBM 205 Extra"]
[Source "ChessBase"]
[SourceDate "2022.01.31"]
[SourceVersion "1"]
[SourceVersionDate "2022.01.31"]
[SourceQuality "1"]

1. e4 e5 2. Nf3 Nc6 3. Bb5 Nf6 4. 0-0 Nxe4 5. Re1 Nd6 6. Nxe5 Be7 7. Bf1 Nf5 8. Nf3 0-0 9. d4 d5 10. h3 Bd6 11. Nc3 Bb4 12. a3 Bxc3 13. bxc3 Nd6 14. Bf4 Ne7 15. Bd3 Bf5 16. Nh4 Bxd3 17. cxd3 c6 18. a4 Qd7 19. Qg4 Qxg4 20. hxg4 Nec8 21. Nf5 Rd8 22. Bxd6 Nxd6 23. Nxd6 Rxd6 24. Re7 Rb8 25. Rb1 Re6 26. Rbxb7 Rxb7 27. Rxb7 Re1+ 28. Kh2 Kf8 29. Rxa7 Rc1 30. a5 Rxc3 31. a6 Ra3 32. g5 h6 33. f4 hxg5 34. fxg5 Kg8 35. g6 fxg6 36. Ra8+ Kh7 37. a7 Ra5 38. Kg1 Ra2 39. Kf1 g5 40. g4 Kg6 41. Ke1 Kf7 42. Kd1 Rb2 43. Rb8 1-0

[Event "Joytu Sheikh Hasina Online op"]
[Site "Chess.com INT"]
[Date "2020.09.26"]
[Round "9"]
[White "Antonio, Rogelio Jr"]
[Black "Anata, Choudhury"]
[Result "1-0"]
[WhiteElo "2421"]
[BlackElo "2119"]
[PlyCount "145"]
[EventDate "2020.09.24"]
[EventType "swiss"]
[EventRounds "9"]
[EventCountry "BAN"]
[SourceTitle "EXT 2022"]
[Source "ChessBase"]
[SourceDate "2021.10.06"]
[SourceVersion "1"]
[SourceVersionDate "2021.10.06"]
[SourceQuality "1"]

1. e4 c5 2. Nf3 d6 3. d4 cxd4 4. Qxd4 Nc6 5. Bb5 Bd7 6. Bxc6 bxc6 7. c4 e5 8. Qd3 f5 9. Nc3 Nf6 10. exf5 Qc8 11. Nh4 Be7 12. 0-0 0-0 13. Bg5 Qb7 14. b3 d5 15. Rad1 Rad8 16. Rfe1 e4 17. Qg3 Bc8 18. cxd5 cxd5 19. Ne2 Bb4 20. Rf1 Bd6 21. Qc3 Qb8 22. g3 Ba6 23. Qd2 Bb4 24. Qb2 Bd3 25. Ng2 Rc8 26. Rc1 Ng4 27. Ne3 Ne5 28. Bf4 Nf3+ 29. Kg2 Qb5 30. a4 Qd7 31. Rfd1 d4 32. Nc4 Rxf5 33. h4 Bxe2 34. Qxe2 Rxf4 35. Nb2 Rc3 36. Rxc3 Bxc3 37. Nc4 Qg4 38. Rh1 Rf8 39. Nd6 Nxh4+ 40. Kf1 Qxe2+ 41. Kxe2 Nf3 42. Nxe4 Ne5 43. f4 Nc6 44. Kd3 Nb4+ 45. Kc4 Rc8+ 46. Kb5 a6+ 47. Kb6 Nd5+ 48. Kxa6 d3 49. Rd1 Nb4+ 50. Kb5 Rb8+ 51. Kc4 Rc8+ 52. Kb5 Nd5 53. Rxd3 Nf6 54. Nxc3 Rb8+ 55. Kc4 Rc8+ 56. Kd4 Ng4 57. Nd5 Kf7 58. f5 Rd8 59. b4 Nf2 60. Rc3 Ng4 61. Rc7+ Kf8 62. Kc5 Ne5 63. Nf4 Nd7+ 64. Kc4 Ne5+ 65. Kb3 Rd2 66. Ne6+ Ke8 67. Nxg7+ Kd8 68. Ne6+ Ke8 69. a5 Rd3+ 70. Ka4 Nd7 71. g4 Ne5 72. f6 Nf7 73. Re7# 1-0

[Event "Joytu Sheikh Hasina Online op"]
[Site "Chess.com INT"]
[Date "2020.09.26"]
[Round "7"]
[White "Antonio, Rogelio Jr"]
[Black "Narayanan, Sunilduth Lyna"]
[Result "0-1"]
[WhiteElo "2421"]
[BlackElo "2618"]
[PlyCount "60"]
[EventDate "2020.09.24"]
[EventType "swiss"]
[EventRounds "9"]
[EventCountry "BAN"]
[SourceTitle "EXT 2022"]
[Source "ChessBase"]
[SourceDate "2021.10.06"]
[SourceVersion "1"]
[SourceVersionDate "2021.10.06"]
[SourceQuality "1"]

1. e4 c5 2. Nf3 Nc6 3. Bb5 e6 4. Bxc6 bxc6 5. d3 Ne7 6. h4 h5 7. Qe2 Ng6 8. e5 d5 9. exd6 Bxd6 10. Nc3 e5 11. Ng5 f6 12. Qe4 Ne7 13. Nf3 Be6 14. Nd2 Qd7 15. Nc4 Bc7 16. Qe2 Nf5 17. Ne4 Nd4 18. Qd1 Bd5 19. c3 Ne6 20. Be3 Qe7 21. Qf3 Nf4 22. Bxf4 exf4 23. Qe2 0-0-0 24. Ncd2 f5 25. c4 fxe4 26. cxd5 e3 27. Nf3 Ba5+ 28. Kf1 Rxd5 29. d4 cxd4 30. Rc1 d3 0-1